El Microcrédito y el alivio de la pobreza rural . Microcredit and the alleviation of rural poverty /

Saved in:
Bibliographic Details
Main Author: D' Exelle, Ben
Other Authors: Bastiaensen, Johan, Aleman, Miguel
Format: Text
Subjects:
Tags: Add Tag
No Tags, Be the first to tag this record!

MARC

LEADER 00000 a a2200000 04500
001 4478
003
040
100 |a D' Exelle, Ben  
245 |a El Microcrédito y el alivio de la pobreza rural . Microcredit and the alleviation of rural poverty /  |c Ben D' Exelle ; Johan Bastiaensen ; Miguel Aleman 
650 |a POBLACION RURAL  
650 |a POBREZA  
650 |a ALIVIO DE LA POBREZA  
650 |a PROGRAMAS DE AYUDA  
650 |a DESARROLLO AGROPECUARIO  
650 |a PROGRAMAS DE FINANCIAMIENTO  
650 |a SISTEMAS DE CREDITO  
650 |a DISTRIBUCION DEL INGRESO  
650 |a ANALISIS ECONOMICO  
650 |a ANALISIS COSTO BENEFICIO  
650 |a NICARAGUA  
700 |a Bastiaensen, Johan  
700 |a Aleman, Miguel  
773 |g número 14 -15; páginas 27-48  
999 |c 34430  |d 34430